| 000 | 00484nam a2200169Ia 4500 | ||
|---|---|---|---|
| 999 |
_c28187 _d28187 |
||
| 003 | OSt | ||
| 005 | 20210216102917.0 | ||
| 008 | 190216s9999||||xx |||||||||||||| ||und|| | ||
| 040 | _coclc | ||
| 082 |
_a621.3824 _bGAU/A |
||
| 100 |
_aGautam, A K _98467 |
||
| 245 | 0 |
_aAntenna And Wave Propagation / _cA K Gautam |
|
| 260 |
_bS K Katharia and Sons, _aDelhi: _c2002. |
||
| 300 | _a318p | ||
| 650 | _aLekhanam | ||
| 942 |
_cBK _2ddc _h621.3824 _iGAU/A _k621.3824 _mGAU/A |
||